Hóa học = Journal of Chemistry
Saved in:
| Format: | Book |
|---|---|
| Language: | Undetermined |
| Published: |
Hà Nội
Viện Hàn lâm Khoa học và Công nghệ Việt Nam
2018
|
| Subjects: | |
| Tags: |
Add Tag
No Tags, Be the first to tag this record!
|
| Institutions: | Trung tâm Học liệu Trường Đại học Cần Thơ |
|---|
| LEADER | 00587nam a2200193Ia 4500 | ||
|---|---|---|---|
| 001 | CTU_235271 | ||
| 008 | 210402s9999 xx 000 0 und d | ||
| 020 | |c 0 | ||
| 082 | |a 540 | ||
| 082 | |b H401 | ||
| 245 | 0 | |a Hóa học = | |
| 245 | 0 | |b Journal of Chemistry | |
| 245 | 0 | |c Viện Hàn lâm Khoa học và Công nghệ Việt Nam | |
| 260 | |a Hà Nội | ||
| 260 | |b Viện Hàn lâm Khoa học và Công nghệ Việt Nam | ||
| 260 | |c 2018 | ||
| 650 | |a Chemistry,Hóa học | ||
| 904 | |i T.Trang | ||
| 980 | |a Trung tâm Học liệu Trường Đại học Cần Thơ | ||